00318nam a2200121Ia 4500008004100000041000800041082001400049100001600063245004800079260003300127300001900160999001700179241028s9999 xx 000 0 und d aeng a005.5 SRI aSringeswara aData Visualization: Storytelling Using Data bWiley IndiaaNew Delhic2022 a283;. P. 23 Cm c43018d43018